000 00246nam a2200097Ia 4500
001 1076543
005 20250827002258.0
008 250824s9999 xx 000 0 und d
245 0 _aKENDİNİ BULMAK
_cİHSAN FAZLIOĞLU
260 _bKETEBE YAYINLARI
999 _c1076543
_d1076543